[Event "Zweibruecken PSB-ch HT4 82nd"]
[Site "Zweibruecken"]
[Date "2013.03.23"]
[Round "2"]
[White "Frohnhaeuser, Simon"]
[Black "Zuniga Hinderberger, Andreas"]
[Result "0-1"]
[WhiteElo "1257"]
[BlackElo "1421"]
[PlyCount "110"]
[EventDate "2013.??.??"]
[EventType "swiss"]
[EventRounds "7"]
[EventCountry "GER"]
[SourceTitle "EXT 2014"]
[Source "ChessBase"]
[SourceDate "2013.11.20"]
[SourceVersion "1"]
[SourceVersionDate "2013.11.20"]
[SourceQuality "1"]

1. f4 Nf6 2. g3 d5 3. Bg2 Bf5 4. Nf3 e6 5. 0-0 c5 6. b3 Nc6 7. Bb2 Be7 8. e3 Nb4 9. d3 b5 10. a3 Nc6 11. Qe2 b4 12. a4 a5 13. Ne5 Qc7 14. h3 h5 15. Re1 Nxe5 16. Bxe5 Bd6 17. Bxd6 Qxd6 18. e4 dxe4 19. dxe4 Qd4+ 20. Qe3 Qxe3+ 21. Rxe3 Bh7 22. e5 Nd5 23. Bxd5 exd5 24. Ra2 Ke7 25. Kf2 Bf5 26. h4 Rhd8 27. Nd2 Rac8 28. Re2 Be6 29. Nf3 Bg4 30. Re3 Bxf3 31. Kxf3 c4 32. bxc4 dxc4 33. Ra1 Rd2 34. Rc1 Rcd8 35. Re2 Rd1 36. Rxd1 Rxd1 37. Re4 c3 38. f5 Rf1+ 39. Ke3 Rxf5 40. Kd4 Rf2 41. Kd3 Rf1 42. Kc4 Rf3 43. Kb5 b3 44. cxb3 c2 45. Rc4 Rxb3+ 46. Kxa5 Rb2 47. Ka6 Ke6 48. Rc5 Kf5 49. a5 Ke4 50. Ka7 Kd4 51. Rc8 Kd3 52. a6 Kd2 53. Rd8+ Kc1 54. Ka8 Kb1 55. a7 c1Q 0-1